000 00565nam a2200205 a 4500
001 12091
003 CO-ViMGA
008 141112s2004 ck r 000 u spa d
020 _a9800102787
040 _aCO-ViMGA
_bspa
_cCO-ViMGA
082 0 4 _a987 B742
100 1 _aBriceño - Iragorry, Mario
_98448
245 1 0 _aMensaje sin destino
250 _a4
260 _aCaracas,
_cVenezuela : Monte Avila Latinoaméricana,
_c1992
300 _a107 p.
650 1 4 _aVENEZUELA - HISTORIA
_917112
650 1 4 _aVENEZUELA - Política Y GOBIERNO
_917113
942 _2ddc
_cBK
999 _c23135
_d23135